00453 2200169 4500001002100000008004100021035002000062245004000082100002000122260004700142300001300189020002200202084001400224082000800238650001800246990001900264INLIS000000000001518 ind  a0010-0724001518 aAll Our YesterdayscCristin Terrill aCristin Terrill aJakarta :bPT Gramedia Pustaka Utamac2015 a448 hlm. a978-602-03-1576-8 a823 CRI a a823 aFiksi Inggris aP29/CP/24/1518